000 00495ntaaa2200193 4500
003 01
005 20251027202010.0
008 0714s1973 ag 01
040 _aAR-BaBN
_bspa
_cAR-BaBN
_eaacr
_dRIC
082 _a261.0000 T63r
100 _aTorres Pachon, Alfredo
_918552
245 _aLa revolución de Dios
250 _a1 ed.
260 _aBogotá :
_bBuena Semilla,
_c1971
300 _a250 p.
650 _aSalvación
650 _aCristianismo y Revolución Social
_918553
942 _cBK
999 _c14713
_d14713